Представление документа в формате MARC21

Поле Инд. ПП Название Значение
Тип записи a
Библиографический уровень m
001 Контрольный номер 337160fb-9ce9-4590-9dac-ab5aae9b14c2
005 Дата корректировки 20140703144410.2
008 Кодируемые данные 060530
020 c Цена, тираж 65.00
041 a Код языка текста rus
080 a Индекс УДК 339.54:061.1(100)
084 a Индекс другой классификации/Индекс ББК У584.3-65
090 x Авторский знак В84
a Полочн. индекс У584.3
245 10 a Заглавие Всемирная торговая организация
b Продолж. заглавия крат. пособие для бизнеса
260 1_ a Место издания Москва
b Издательство б. и.
c Дата издания 2004
300 a Объем 98 с.
b Иллюстрации/ тип воспроизводства табл.
583 a Действие Получение впервые 199 30.05.2006
k Исполнитель действия Дар Департамента экономики и промышленности
650 a Основная рубрика Всемирная торговая организация (ВТО)
650 a Основная рубрика Торговые отношения международные
x Основная подрубрика Экономика
650 a Основная рубрика Экономические отношения международные
650 a Основная рубрика Россия и ВТО
653 a Ключевые слова Всемирная торговая организация (ВТО)
a Ключевые слова ВТО
a Ключевые слова Международные торговые отношения
a Ключевые слова Международные экономические отношения
a Ключевые слова Россия и ВТО
852 t Порядковый номер экземпляра 1
p Инвентарный номер 843312
852 p Инвентарный номер 843311
852 t Порядковый номер экземпляра 6
p Инвентарный номер 843313
p Инвентарный номер 843314
p Инвентарный номер 843315
p Инвентарный номер 843316
p Инвентарный номер 843317
p Инвентарный номер 843318
863 t 00142832
863 t 00142833
863 t 00142834
863 t 00142835
863 t 00142836
863 t 00142837
888 a Бесплатные
952 p 199.2006 65.00 1 843311
p 199.2006 65.00 1 843312
p 199.2006 65.00 1 843313
p 199.2006 65.00 1 843314
p 199.2006 65.00 1 843315
p 199.2006 65.00 1 843316
p 199.2006 65.00 1 843317
p 199.2006 65.00 1 843318
c Вид литературы К рн
954 a Дата поступления на обработку 20060601
999 a Подразделение 2 ч.з.
a Подразделение 2 фил1
a Подразделение 2 аб.